01910cam a22003135a 4500999001700000001000900017005001700026008004100043010001700084020001800101040002800119082002100147100004200168245010900210260004900319300003400368490003000402504005100432505062400483650001001107651001001117653002501127655001701152700003501169942000801204952012801212952012801340952012801468 c26946d269181942287420181104123134.0161227t2017 ne a frb 001 0 eng d a 2016963519 a9780081021729 aDLCbengcDLCdEG-ScBUE04a620.106bSHE2221 aSheikholeslami, Mohsen,d1988-94189310aApplications of nanofluid for heat transfer enhancement /cMohsen Sheikholeslami, Davood Domairry Ganji. aAmsterdam, Netherlands :bElsevier,cc.2017. axii, 605 p. :bill. ;c24 cm.0 aMicro & nano technologies aIncludes bibliographical references and index.0 a1. Nanofluid: Definition and Applications 2. Nanofluid Natural Convection Heat Transfer 3. Nanofluid Forced Convection Heat Transfer 4. Nanofluid Flow and Heat Transfer in the Presence of Thermal Radiation 5. Nanofluid Flow and Heat Transfer in the Presence of Electric Field 6. Nanofluid Flow and Heat Transfer in the Presence of Constant Magnetic Field 7. Nanofluid Flow and Heat Transfer in the Presence of Variable Magnetic Field 8. Nanofluid Conductive Heat Transfer in Solidification Mechanism 9. Nanofluid Flow and Heat Transfer in Porous Media Appendix: Sample Codes for New Semianalytical and Numerical Methods 2BUEsh 2BUEsh bENGGENcNovember2018 vReading book1 aGanji, Davood Domairry.941894 2ddc 00102ddc40708BaccahaMAINbMAINc1STd2018-11-04ePurchaseg2750.00l0o620.106 SHEp000043796r2025-07-15 00:00:00yNB 00102ddc40708BaccahaMAINbMAINc1STd2018-11-04ePurchaseg2750.00l0o620.106 SHEp000043797r2025-07-15 00:00:00yBB 00102ddc40708BaccahaMAINbMAINc1STd2018-11-04ePurchaseg2750.00l0o620.106 SHEp000043798r2025-07-15 00:00:00yBB